Bordering Countries With Multiple Words - Statistics

General Stats
  • This quiz has been taken 25 times
    7 since last reset
  • The average score is 8 of 10
Answer Stats
Length Country % Correct
Central African Republic
83%
9 Democratic Republic of the Congo
83%
4 North Korea
83%
Republic of the Congo
83%
South Korea
83%
South Sudan
83%
4 Burkina Faso
67%
Ivory Coast
67%
5 Saudi Arabia
67%
United Arab Emirates
50%
No matching quizzes found
Score Distribution
Percent of People with Each Score
Percentile by Number Answered
Your Score History
You have not taken this quiz since the last reset